|
|
|
|
| LEADER |
01169cam a2200313 7i4500 |
| 001 |
0000028436 |
| 005 |
20170218090000.0 |
| 008 |
100818 eng |
| 020 |
|
|
|a 0073382299 (hbk.)
|
| 020 |
|
|
|a 9780073382296 (hbk.)
|
| 020 |
|
|
|a 9780077262372 (hbk.)
|
| 020 |
|
|
|a 0077262379 (hbk.)
|
| 090 |
0 |
0 |
|a HG4910
|b .S28 2009
|
| 100 |
1 |
|
|a Saunders, Anthony
|
| 245 |
1 |
0 |
|a Financial markets and institutions
|c Anthony Saunders, Marci Millon Cornett.
|
| 250 |
|
|
|a 4th ed.
|
| 260 |
|
|
|a Boston:
|b McGraw-Hill,
|c 2009.
|
| 300 |
|
|
|a xxii, 697 p.:
|b col. ill.;
|c 28 cm.
|
| 490 |
0 |
|
|a The McGraw-Hill/Irwin series in finance, insurance and real estate
|
| 504 |
|
|
|a Includes bibliographical references and index
|
| 650 |
0 |
0 |
|a Financial institutions --
|z United States
|
| 650 |
0 |
0 |
|a Securities --
|z United States
|
| 650 |
0 |
0 |
|a Stock exchanges --
|z United States
|
| 650 |
0 |
0 |
|a Rate of return --
|z United States
|
| 700 |
1 |
|
|a Cornett, Marci Millon
|
| 997 |
|
|
|a Business & Accountancy, Faculty
|
| 998 |
|
|
|a Finance, Degree
|
| 999 |
|
|
|a 0000040445
|b BOK
|c OPEN SHELF
|e 1st Floor, Shah Alam
|
| 999 |
|
|
|a 0000040518
|b BOK
|c OPEN SHELF
|e 1st Floor, Shah Alam
|